Η εξέλιξη και η προοπτική της μαστιχοκαλλιέργειας : διπλωματική εργασία
Αποθηκεύτηκε σε:
| Κύριος συγγραφέας: | |
|---|---|
| Συγγραφή απο Οργανισμό/Αρχή: | |
| Μορφή: | Thesis Βιβλίο |
| Γλώσσα: | Greek |
| Δημοσίευση: |
2014.
|
| Θέματα: | |
| Διαθέσιμο Online: | http://hdl.handle.net/11610/8515 |
| Ετικέτες: |
Προσθήκη ετικέτας
Δεν υπάρχουν, Καταχωρήστε ετικέτα πρώτοι!
|
MARC
| LEADER | 00000cam a2200000 a 4500 | ||
|---|---|---|---|
| 001 | 1/107162 | ||
| 008 | 150626s2014####gr | ||| |||| ||gre|| | ||
| 040 | |a GR-MyUa |b gre |c GR-MyUa |e AACR2 | ||
| 041 | 0 | |a gre | |
| 082 | 7 | |a 338.10949582 |2 (23) | |
| 100 | 1 | |a Μουστάκας, Αντώνης. | |
| 245 | 1 | 0 | |a Η εξέλιξη και η προοπτική της μαστιχοκαλλιέργειας : |b διπλωματική εργασία / |c Μουστάκας Αντώνης ; επιβλέπων καθηγητής Σπυρίδων Γκολφινόπουλος. |
| 260 | |c 2014. | ||
| 300 | |a 84 σ. : |b διαγρ., εικ., πιν. ; |c 30 εκ. | ||
| 500 | |a Τριμελής επιτροπή : Σπυρίδων Γκολφινόπουλος, Κων/νος Παπαγεωργίου, Γεώργιος Μαΐστρος. | ||
| 502 | |a Πτυχιακή εργασία - Πανεπιστήμιο Αιγαίου, Χίος, 2014. | ||
| 504 | |a Περιλαμβάνει βιβλιογραφία. | ||
| 506 | 1 | |a Διάθεση μόνο λέξεων κλειδιών - περίληψης. | |
| 650 | 0 | |a Agriculture |z Greece |z Chios Island. | |
| 650 | 0 | |a Pistacia |z Greece |z Chios Island. | |
| 650 | 0 | |a Gums and resins |z Greece |z Chios Island. | |
| 650 | 0 | |a Mastic industry |z Greece |z Chios Island. | |
| 700 | 1 | |a Γκολφινόπουλος, Σπυρίδων, |e dgs | |
| 710 | 2 | |a Πανεπιστήμιο Αιγαίου |b Σχολή Επιστημών της Διοίκησης |b Τμήμα Μηχανικών Οικονομίας και Διοίκησης. | |
| 852 | |a INST |b CHIOS |c DIATR |e 20150626 |h 338.1 ΜΟΥ |p 005200036770 |q 005200036770 |t DIE |y 23 | ||
| 852 | |a INST |b CHIOS |c DIATR |e 20150626 |h 338.1 ΜΟΥ |p 005200038172 |q 005200038172 |t DIE |y 23 | ||
| 856 | |u http://hdl.handle.net/11610/8515 | ||
| 924 | |a Μουστάκας |b Αντώνης |y Χίος |z 2014-11 | ||
| 970 | |a Παροικάκη |b Βασιλική |z 26-06-2015 | ||